| 000 | 00421nam a2200145 a 4500 | ||
|---|---|---|---|
| 001 | 000044087 | ||
| 005 | 20201002045134.0 | ||
| 008 | 140515s1988 sp 000 0 spa d | ||
| 020 | _a8477540225 | ||
| 040 |
_aDO-SdBNP _bspa _cBNPHU |
||
| 100 | 1 |
_aMesa, Roberto _972083 |
|
| 245 | 1 | 0 |
_aDemocracia y Política exterior en España / _cRoberto Mesa. |
| 260 |
_aMadrid : _bEUDEMA Actualidad, _c1988. |
||
| 300 |
_a260 p. ; _c19 cm. |
||
| 999 |
_c43576 _d43576 |
||